Countries that are Big or have a high Population - Statistics

General Stats
  • This quiz has been taken 106 times
  • The average score is 12 of 20
Answer Stats
Country % Correct
Canada
84%
Bangladesh
77%
Australia
74%
Kazakhstan
71%
Algeria
70%
Argentina
68%
Egypt
68%
Mongolia
67%
Nigeria
67%
Pakistan
63%
Germany
59%
Japan
59%
Turkey
55%
Iran
54%
Vietnam
54%
Saudi Arabia
52%
Ethiopia
48%
Philippines
47%
Sudan
44%
Libya
41%
No matching quizzes found
Score Distribution
Percent of People with Each Score
Percentile by Number Answered
Your Score History
You have not taken this quiz